000 00449nam a2200145Ia 4500
008 100204s9999 xx 000 0 und d
082 _b18356
100 _aदेव मंजीरी
245 _aनृत्यसौरभ
260 _b"मंजीजी श्रीराम देव , ठाणे"
_c1994
300 _a346
630 _aनृत्यसौरभ
730 _aनृत्यसौरभ
942 _cBOOK
999 _c462779
_d462776